<?xml version="1.0" encoding="UTF-8"?>
<marc:record xmlns:marc="http://www.loc.gov/MARC21/slim">
   <marc:leader>00000nam a2200000 a 4500</marc:leader>
   <marc:datafield ind1="1" ind2=" " tag="100">
      <marc:subfield code="a">Ammerer, Karin</marc:subfield>
      <marc:subfield code="4">aut</marc:subfield>
      <marc:subfield code="e">Verfasser/-in</marc:subfield>
   </marc:datafield>
   <marc:datafield ind1=" " ind2=" " tag="653">
      <marc:subfield code="a">Antolin</marc:subfield>
   </marc:datafield>
   <marc:datafield ind1=" " ind2=" " tag="653">
      <marc:subfield code="a">Klasse-3</marc:subfield>
   </marc:datafield>
   <marc:datafield ind1="0" ind2="0" tag="245">
      <marc:subfield code="a">Knack den Code</marc:subfield>
   </marc:datafield>
   <marc:datafield ind1="0" ind2="0" tag="245">
      <marc:subfield code="b">Onspektor Schnüffels Ratekrimi-Bibliothek</marc:subfield>
   </marc:datafield>
   <marc:datafield ind1=" " ind2="1" tag="264">
      <marc:subfield code="b">Nilpferd</marc:subfield>
   </marc:datafield>
   <marc:datafield ind1="1" ind2=" " tag="490">
      <marc:subfield code="a">Inspektor Schnüffels geheime Ratekrimi-Bibliothek</marc:subfield>
   </marc:datafield>
   <marc:datafield ind1="1" ind2=" " tag="520">
      <marc:subfield code="a">Inspektor Schnüffel ermittelt und ist immer und überall dem Verbrechen auf der Spur. Bei seinen kniffligen Fällen ist auch dein Spürsinn gefragt.
Im Spezialteil erklärt dir Inspektor Schnüffel, wie du Geheimtinte selber herstellen kannst, wie du geheime Nachrichten richtig entschlüsselst und wie du Geheimbotschaften unauffällig weitergibst.
Nervenkitzel und Ratespaß für angehende Meisterdetektive!</marc:subfield>
   </marc:datafield>
   <marc:datafield ind1=" " ind2=" " tag="020">
      <marc:subfield code="a">9783707415995</marc:subfield>
      <marc:subfield code="9">9783707415995</marc:subfield>
   </marc:datafield>
</marc:record>
